El Principito : (Registro nro. 37163)
[ vista simple ]
| 000 -CABECERA | |
|---|---|
| Longitud fija campo de control | 01690nam a2200301 4500 |
| 003 - • IDENTIFICADOR DELl NÚMERO DE CONTROL | |
| Identificador del número de control | CO-ViMGA |
| 020 ## - • NÚMERO INTERNACIONAL NORMALIZADO PARA LIBROS | |
| Número Internacional Normalizado para Libros (ISBN) | 9789583042515 |
| 040 ## - FUENTE DE LA CATALOGACIÓN | |
| Centro catalogador de origen | CO-ViMGA |
| Lengua de catalogación | spa |
| Centro transcriptor | CO-ViMGA |
| 082 04 - • NÚMERO DE LA CLASIFICACIÓN DECIMAL DEWEY | |
| Número de clasificación (R) | I833.91 |
| Número del ítem | D69p |
| 100 1# - • PUNTO DE ACCESO PRINCIPAL-NOMBRE DE PERSONA | |
| Nombre de persona | Dorison, Guillaume |
| 245 10 - • TITULO PROPIAMENTE DICHO | |
| Título | El Principito : |
| Resto del título | El planeta de la música / |
| Mención de responsabilidad, etc. | guion Guillaume Dorison ; dibujo Lucy Mazel ; traducción Ernesto Camacho Ocampo |
| 300 ## - • DESCRIPCIÓN FÍSICA | |
| Extensión | 49. : |
| Otras características físicas | il. ; color |
| 500 ## - • NOTA GENERAL | |
| Nota general | Inspirado en la serie animada y en un guión original de Clélia Constantine |
| 500 ## - • NOTA GENERAL | |
| Nota general | Las nuevas aventuras basadas en la obra maestra de Antoine de Saint-Exupéry |
| 501 ## - • NOTA DE "CON" | |
| Nota de "Con" | El Principito imaginado por Convard y Griffo |
| 520 ## - • NOTA DE RESUMEN | |
| Resumen, etc, | Cuando el Principito llega a este planeta, los utinos se encuentran un poco alterados por el comportamiento extraño de Eufonía, la diva que, al vocalizar, da ritmo a su jornada. En efecto, desde hace poco Eufonía canta menos, o no tan bien, y parece preocupada. Cuando el Principito descubre que la tristeza de Eufonía proviene de su amor contrariado por Ivory, las cosas se complican. En efecto, Ivory hace parte del pueblo de los pistilos, enemigos a muerte de los utinos... tomado de la contracubierta del libro |
| 534 ## - • Nota De Versión Original | |
| -- | Le petit prince. la planéte de la musique |
| 650 14 - • PUNTO DE ACCESO ADICIONAL DE MATERIA - TÉRMINO DE MATERIA | |
| Término de materia o nombre geográfico como elemento inicial | Adaptaciones literarias |
| 650 14 - • PUNTO DE ACCESO ADICIONAL DE MATERIA - TÉRMINO DE MATERIA | |
| Término de materia o nombre geográfico como elemento inicial | Cuentos infantiles franceses |
| 650 14 - • PUNTO DE ACCESO ADICIONAL DE MATERIA - TÉRMINO DE MATERIA | |
| Término de materia o nombre geográfico como elemento inicial | Libros ilustrados para niños |
| 650 14 - • PUNTO DE ACCESO ADICIONAL DE MATERIA - TÉRMINO DE MATERIA | |
| Término de materia o nombre geográfico como elemento inicial | Novela gráfica |
| 650 14 - • PUNTO DE ACCESO ADICIONAL DE MATERIA - TÉRMINO DE MATERIA | |
| Término de materia o nombre geográfico como elemento inicial | Tiras cómicas, historietas, etc. |
| 700 1# - • PUNTO DE ACCESO ADICIONAL - NOMBRE DE PERSONA | |
| Nombre de persona | Camacho, Ernesto |
| 700 1# - • PUNTO DE ACCESO ADICIONAL - NOMBRE DE PERSONA | |
| Nombre de persona | El Principito imaginado por Convard y Griffo |
| 700 1# - • PUNTO DE ACCESO ADICIONAL - NOMBRE DE PERSONA | |
| Nombre de persona | Mazel, Lucy |
| 942 ## - ENTRADA DE ELEMENTOS AGREGADOS (KOHA) | |
| Fuente de clasificaión o esquema | Dewey Decimal Classification |
| Koha [por defecto] tipo de item | LIbro |
| Perdido | Fuente de clasificación o esquema | Estado Físico | No para préstamo | Localización permanente | Localización actual | Fecha adquisición | Préstamos totales | Signatura completa | Código de barras | Fecha última consulta | Fecha del precio de reemplazo | Tipo de item de Koha |
|---|---|---|---|---|---|---|---|---|---|---|---|---|
| Dewey Decimal Classification | Biblioteca Pública Germán Arciniegas - Villavicencio | Biblioteca Pública Germán Arciniegas - Villavicencio | 01/31/2020 | I833.91 D69p | 33028 | 01/31/2020 | 01/31/2020 | LIbro | ||||
| Dewey Decimal Classification | Biblioteca Pública Germán Arciniegas - Villavicencio | Biblioteca Pública Germán Arciniegas - Villavicencio | 01/31/2020 | I833.91 D69p | 33027 | 01/31/2020 | 01/31/2020 | LIbro |